000 00294nam a22001337a 4500
008 170612b xxu||||| |||| 00| 0 eng d
020 _a9780495807483
041 _aeng
080 _29TH
_a32
100 _a19
101 _aSHP
245 _aAMERICAN CORRECTIONS
_cCLEAR, T.R
942 _2udc
_cBK
999 _c16919
_d16919